[Event "Roncana op-C 10th"]
[Site "Santa Eulalia de Roncana"]
[Date "2016.10.22"]
[Round "5"]
[White "Molinos  Miguelez, Iago"]
[Black "Silion, Alexandru"]
[Result "0-1"]
[WhiteElo "1335"]
[BlackElo "1629"]
[PlyCount "78"]
[EventDate "2016.09.24"]
[EventType "swiss"]
[EventRounds "8"]
[EventCountry "ESP"]
[SourceTitle "EXT 2022"]
[Source "ChessBase"]
[SourceDate "2021.10.06"]
[SourceVersion "1"]
[SourceVersionDate "2021.10.06"]
[SourceQuality "1"]

1. e4 e5 2. Nf3 Nc6 3. Bb5 Nf6 4. Nc3 Be7 5. 0-0 d6 6. d3 Bg4 7. Qe1 Bxf3 8. Qe3 Bg4 9. Qg5 Bf8 10. Qe3 a6 11. Bxc6+ bxc6 12. Qe1 Be7 13. Bg5 h6 14. Bxf6 Bxf6 15. Ne2 Bg5 16. Ng3 0-0 17. Nf5 Bf4 18. g3 Bg5 19. Rd1 Bxd1 20. Qxd1 Rb8 21. Kh1 Rxb2 22. Qa1 Rxc2 23. Qb1 Rd2 24. Qe1 Qe8 25. Ne3 Rxa2 26. h4 Bf6 27. Nf5 d5 28. Qb4 g5 29. Ne3 Be7 30. Qb7 Qd7 31. Nd1 Rd2 32. Ne3 Rxd3 33. Qxa6 Ra3 34. Qb7 Ra4 35. Nc2 Rxe4 36. f3 Re2 37. Re1 Rxc2 38. Rd1 Qh3+ 39. Kg1 Qg2# 0-1